00573nam a22001577a 4500010001500000020003100015035001400046037001300060082001200073100001900085245008200104260004000186270012800226300002300354500003800377 aENG-126196 a978-93-8546-281-8c1195.00 aEN-109728 bDBAD/PUB a551.480 aRai, Suresh C. aHydrology And Water Resources:cby Suresh C. RaibA Geographical Perspective/ aNew DelhibAne Books Pvt.Ltd.c2017 a4821,Parwana Bhawan 1st Floor 24 Ansari Road, Darya GanjbNew Delhi e110002k+91(011)23276843,2814209manebookschennai.com axvi239p.b24cm(hb) aits include apendix and refrences